| 000 | 00403nam a2200145Ia 4500 | ||
|---|---|---|---|
| 008 | 160114s9999 xx 000 0 und d | ||
| 020 | _a0-528835777 | ||
| 050 | _a912 | ||
| 050 | _b.A881 1994 | ||
| 245 | _aDiscovery Atlas of the World / | ||
| 260 |
_bRand McNally & Company _c1993 |
||
| 300 |
_a61 pages; _bcol. Illustrations, col. Maps ; |
||
| 650 | _aWorld atlas-- | ||
| 650 | _xJuvenile literature. | ||
| 999 |
_c290287 _d290287 |
||